00531nam a2200169Ia 4500003000900000008004100009020001800050040001600068080001600084110002800100245011700128250001300245260004400258300001100302650002900313650001900342IN-BaIIA211028s9999 xx 000 0 eng d a0-85229-413-1 cIIA Library a031bEBR-11 aEncyclopedia Britannica 4aThe New Encyclopaedia Britannica in 30 Volumesbvol. 2, macropaedia, knowledge in depthcEncyclopedia Britannica a27th ed. aChicagobEncyclopaedia Britannicac1984 a1119p. aEncyclopedia-Macropaedia aNASA Thesaurus